| 000 | 00000nas 2200000za 4500 |
| 001 | 9.815602 |
| 003 | CaOODSP |
| 005 | 20250403105739 |
| 007 | cr ||||||||||| |
| 008 | 160418d19931997oncar p oss f000#b0fre|d |
| 022 | |y1201-298X |
| 040 | |aCaOODSP|bfre |
| 041 | |aeng|afre |
| 043 | |an-cn--- |
| 086 | 1 |aCS85F0015-PDF |
| 245 | 00|aLegal aid in Canada, resource and caseload statistics |h[ressource électronique] = |bL'aide juridique au Canada, ressources et nombre de cas. |
| 246 | 11|aAide juridique au Canada, ressources et nombre de cas |
| 260 | |aOttawa : |bCourts Program, Canadian Centre for Justice Statistics, Statistics Canada = Programme des tribunaux, Centre canadien de la statistique juridique, Statistique Canada, |c[1993]-1998. |
| 310 | |aAnnuel |
| 362 | 0 |a1992/1993-1996/97. |
| 500 | |aÉdition numérisée de l’imprimé [par Statistique Canada]. |
| 546 | |aTexte en anglais et en français. |
| 580 | |aScindé en: Legal aid in Canada, resource and caseload statistics et Aide juridique au Canada, resources et nombre de cas. |
| 692 | 07|2gccst|aAide juridique |
| 710 | 2 |aCentre canadien de la statistique juridique. |
| 710 | 2 |aStatistique Canada. |
| 791 | |tLegal aid in Canada, resource and caseload statistics |eeng|w(CaOODSP)9.815598 |